|
|
|
|
| LEADER |
01231nam a2200325 a 4500 |
| 001 |
27593 |
| 003 |
BD-DhAAL |
| 005 |
20130926115910.0 |
| 008 |
130927s2012 enka b 001 0 eng |
| 010 |
|
|
|a 2010935044
|
| 020 |
|
|
|a 9780199587407 (hbk.)
|
| 020 |
|
|
|a 9780199655854
|
| 020 |
|
|
|a 019958740X (hbk.)
|
| 040 |
|
|
|a UKM
|c UKM
|d YDXCP
|d BWK
|d LGG
|d CDX
|d DLC
|d BD-DhAAL
|
| 050 |
0 |
0 |
|a HF5415.1255
|b .H65 2010
|
| 082 |
0 |
4 |
|a 658.827
|2 22
|
| 999 |
|
|
|c 14024
|d 14024
|
| 999 |
|
|
|c 14024
|
| 100 |
1 |
|
|a Holt, Douglas B.
|9 3263
|
| 245 |
1 |
0 |
|a Cultural strategy :
|b using innovative ideologies to build breakthrough brands /
|c Douglas Holt and Douglas Cameron.
|
| 260 |
|
|
|a Oxford :
|b Oxford University Press,
|c c2012.
|
| 300 |
|
|
|a xv, 387 p. :
|b ill. ;
|c 24 cm.
|
| 504 |
|
|
|a Includes bibliographical references and index.
|
| 541 |
|
|
|e 27593
|
| 650 |
|
0 |
|a Branding (Marketing)
|9 936
|
| 650 |
|
0 |
|a Marketing
|x Social aspects.
|9 3264
|
| 650 |
|
0 |
|a Branding (Marketing)
|v Case studies.
|9 3265
|
| 700 |
1 |
|
|a Cameron, Douglas.
|9 3266
|
| 942 |
|
|
|2 ddc
|c BK
|
| 952 |
|
|
|0 0
|1 0
|2 ddc
|4 0
|6 658_827000000000000_HOL
|7 0
|9 23508
|a BRACUL
|b BRACUL
|c GEN
|d 2013-09-26
|e Karim International
|g 1870.00
|l 5
|m 14
|o 658.827 HOL
|p 3010027593
|r 2026-05-13
|s 2026-02-26
|t 1
|w 2013-09-26
|y BK
|